00366nam a2200109Ia 4500082001200000245002400012100005700036942000700093008004100100999001900141952009600160 aAF HAME 0aHuwelik op kontrak  a HAMERSMA, Elsa Pretoria, 2005 1ste uitg 923840 cBK210817s9999 xx 000 0 und d c211609d211611 00104070aENTOLbENTOLd2021-08-18g200.00l0p33228017834001r2021-08-18w2021-08-18yBK